000 00672nam a22002177a 4500
999 _c2445
_d2445
005 20230601134637.0
008 230601b ||||| |||| 00| 0 eng d
020 _a 9780007811281
040 _cKH8
082 _aFIC LEW
100 _aLewis, C. S. (Clive Staples),
_d1898-1963;
_eAuthor
245 _aThe horse and his boy
_cC. S. Lewis
260 _aLondon,
_bHarperCollins Children's Books,
_c2010
300 _a175p
_bilustr. ;
_c18 cm.
440 _aThe chronicles of Narnia
521 _aFiction
650 _aFantasy fiction
_vEnglish
650 _aJuvenile works
_vNarnia (Imaginary place)
650 _aHistoires pour enfants anglaises
942 _2ddc
_cFIC